000 00734nam a2200265 a 4500
999 _c10901
_d10901
003 PK-NaQUE
005 20251013122431.0
008 251013b ||||| |||| 00| 0 eng d
020 _a0121189309 (hardcover)
020 _a9780121189303 (hardcover)
040 _cQUEST
100 1 _aBoubel, Richard W.
245 1 0 _aFundamentals of Air Pollution
250 _a3rd ed.
260 _a[S.l.] :
_bAcademic Press,
_c2005.
300 _a574 p. ;
650 _aAir Pollution
650 _aToxicology
650 _aEnvironmental sciences
700 1 _aTurner, Bruce D.
700 1 _aFox, Donald L.
700 1 _aStern, Arthur C.
856 4 0 _uhttp://10.10.170.122:8080/browse/book/5325
_yDownload eBook
942 _cBK
_2ddc